000 00473nam a22001697a 4500
008 250919b ||||| |||| 00| 0 spa d
020 _a84-345-1118-5
040 _aAR-FvUNAJ
_dAR-FvUNAJ
_eaacr2
082 1 4 _214
_a611
100 1 _996
_aRouvière, Henri
245 1 0 _aCompendio de anatomía y disección /
_cH. Rouviere
250 _a3a.ed. reimp.
260 _aBarcelona :
_bSalvat,
_c1987.
300 _axix, 758 p.
650 0 _2dcs
_930
_aANATOMIA
942 _2ddc
_cLIBRO
999 _c11114
_d11114
980 _62
_aVirginia Figueroa
_82
_gVirginia Figueroa